Word Ladder: Languages III Quiz Stats

Quiz Updated Nov 29, 2014

Challenge
Share
Tweet
Embed
Score 0/16 Timer 03:00
2 Plays Today
Clue 5-Letter Word % Correct
★ Language of Greece ★★ GREEK ★
98.4%
WeptCRIED
94.4%
A spy mustn't blow theirsCOVER
94.2%
Monopolist's traitGREED
90.2%
Every color and _____CREED
88.2%
Farther downLOWER
84.5%
What '-phile' meansLOVER
84%
Old-fashioned news announcerCRIER
83.2%
Clue 5-Letter Word % Correct
It's measured in wattsPOWER
82.8%
Wisdom tooth, e.g.MOLAR
79.1%
Arctic or AntarcticPOLAR
77.5%
Gondolier, e.g.POLER
73.6%
'What a load of _____key!'MALAR
73.3%
'Two and Half Men' star, Jon _____CRYER
72.9%
★ Language of Malaysia ★★ MALAY ★
71.5%
FlirtierCOYER
71%

Today's Daily Dose

You're not logged in!

Compare scores with friends on all Sporcle quizzes.
Join for Free
OR
Log In

You Might Also Like...

Show Comments

Extras

Top Quizzes Today


Score Distribution

Your Account Isn't Verified!

In order to create a playlist on Sporcle, you need to verify the email address you used during registration. Go to your Sporcle Settings to finish the process.

Report this User

Report this user for behavior that violates our Community Guidelines.

Details: